|
|
|
|
| LEADER |
00000nam0a2200000 4500 |
| 001 |
23433 |
| 005 |
20231101205541.0 |
| 035 |
|
|
|a (RuTPU)RU\TPU\book\23652
|
| 035 |
|
|
|a BOOK00023725
|
| 090 |
|
|
|a 23433
|
| 100 |
|
|
|a 20011209d1960 m y0rusy50 ca
|
| 101 |
0 |
|
|a mon
|a rus
|
| 102 |
|
|
|a RU
|
| 105 |
|
|
|a y e 000zy
|
| 200 |
1 |
|
|a Русско-монгольский словарь
|e около 30 000 терминов
|f А. Р. Дамба-Ринчинэ, Г. С. Мупкин
|
| 210 |
|
|
|a Москва
|c ГИС
|d 1960
|
| 215 |
|
|
|a 780 с.
|
| 300 |
|
|
|a На тит. л. авторы указаны, как составители
|
| 606 |
1 |
|
|a Монгольские языки
|2 stltpush
|3 (RuTPU)RU\TPU\subj\44373
|9 63718
|
| 610 |
1 |
|
|a словари
|
| 610 |
1 |
|
|a лексика
|
| 610 |
1 |
|
|a русско-монгольские словари
|
| 610 |
1 |
|
|a русский язык
|
| 686 |
|
|
|a Ш164-4
|v LBC/SL-A
|2 rubbk
|
| 700 |
|
1 |
|a Дамба-Ринчинэ
|b А. Р.
|g Александр Ринчинович
|
| 701 |
|
1 |
|a Мупкин
|b Г. С.
|g Галдан Семенович
|
| 801 |
|
0 |
|a RU
|b 63413507
|c 20011209
|g PSBO
|
| 801 |
|
2 |
|a RU
|b 63413507
|c 20221116
|g PSBO
|
| 942 |
|
|
|c BK
|